Adivina el personaje #1 - Estadísticas

Estadísticas generales
  • Esta prueba ha sido intentada 117 veces
  • La puntuación promedio es 5 de 16
Estadísticas de respuestas
Imagen Respuesta % Correcto
Fred
65%
Kowalski
65%
Chico Percebe
58%
Vanessa
58%
Sumo
50%
Gunter
45%
Buford
35%
Granate
25%
Fluttershy
22%
Trompi
21%
Escalope
20%
Periwinkle
16%
Tigresa Voladora Gigante Realista
15%
Valtor
10%
Cabeza Pony
9%
Diogee
4%
No se encontraron pruebas coincidentes
Distribución de puntuación
Porcentaje de gente con cada puntuación
Porcentaje por número respondido
Historial de tus puntuaciones
No has intentado esta prueba.